| 000 -ლიდერი |
| ფიქსირებული სიგრძის საკონტროლო ველი |
01736nam a2200313Ia 4500 |
| 001 - საკონტროლო ნომერი |
| საკონტროლო ველი |
21984 |
| 003 - საკონტროლო ნომრის იდენტიფიკატორი |
| საკონტროლო ველი |
GE_BSU |
| 005 - ბოლო ოპერაციის თარიღი და დრო |
| საკონტროლო ველი |
20220921172724.0 |
| 008 - ფიქსირებული სიგრძის მონაცემთა ელემენტები - ზოგადი ინფორმაცია |
| ფიქსირებული სიგრძის საკონტროლო ველი |
181216s2010||||ge |||||||||||||| ||geo|| |
| 020 ## - წიგნის საერთაშორისო სტანდარტული ნომერი |
| International Standard Book Number |
9789941128653 |
| 040 ## - კატალოგიზაციის წყარო |
| Transcribing agency |
GE_BSU |
| 041 ## - ენის კოდი |
| Language code of text/sound track or separate title |
geo |
| 080 ## - უნივერსალური ათობითი კლასიფიკაციის ინდექსი |
| Universal Decimal Classification number |
821.353.1.09 ბ-65 |
| 100 ## - მთავარი ჩანაწერი - პიროვნების სახელი |
| Personal name |
ბიბილეიშვილი, იური |
| 9 (RLIN) |
800 |
| 245 ## - ცნობა სათაურის შესახებ |
| Title |
რევაზ მიშველაძე სალიტერატურო კრიტიკაში / |
| Statement of responsibility, etc |
იური ბიბილეიშვილი ; რედ. : სოსო სიგუა, ავთანდილ ნიკოლეიშვილი. |
| 250 ## - გამოცემის ცნობა |
| Edition statement |
[I-ლი გამოცემა] |
| 264 ## - წარმოების, გამოცემის, დისტრიბუციის და სხვა ცნობები |
| გამოცემის, წარმოების, დისტრიბუციის... ადგილი |
თბილისი : |
| გამოცემის, წარმოების, დისტრიბუციის... სახელწოდება |
უნივერსალი, |
| გამოცემის, წარმოების, დისტრიბუციის... თარიღი |
2010. |
| 300 ## - ფიზიკური აღწერა |
| Extent |
196 გვ. ; |
| Dimensions |
29 სმ. |
| 500 ## - ზოგადი შენიშვნა |
| General note |
ეძღვნება რევაზ მიშველაძის დაბადების 70-ე წლისთავს |
| 520 ## - SUMMARY, ETC. |
| Summary, etc |
ეძღვნება რევაზ მიშველაძის დაბადების 70-ე წლისთავს. |
| 653 ## - INDEX TERM--UNCONTROLLED |
| Uncontrolled term |
რევაზ მიშველაძე სალიტერატურო კრიტიკაში |
| 653 ## - INDEX TERM--UNCONTROLLED |
| Uncontrolled term |
ქართველი მწერლები |
| 653 ## - INDEX TERM--UNCONTROLLED |
| Uncontrolled term |
ქართული ლიტერატურის ისტორია და კრიტიკა |
| 653 ## - INDEX TERM--UNCONTROLLED |
| Uncontrolled term |
ქართული ლიტერატურა |
| 700 ## - ADDED ENTRY--PERSONAL NAME |
| Personal name |
სიგუა, სოსო |
| Relator term |
რედაქტორი |
| 9 (RLIN) |
5588 |
| 700 ## - ADDED ENTRY--PERSONAL NAME |
| Personal name |
ნიკოლეიშვილი, ავთანდილ |
| Relator term |
რედაქტორი |
| 9 (RLIN) |
296 |
| 942 ## - ADDED ENTRY ELEMENTS (KOHA) |
| Koha item type |
წიგნი |
| Source of classification or shelving scheme |
|